Statistics for Disney Channel Shows!!

Click here to take the quiz!

General Stats

  • This quiz has been taken 949 times
  • The average score is 8 of 10

Answer Stats

Hint Answer % Correct
A nanny takes on an NYC family of four kidsJessie
94%
Two best friends become dancers on a local T.V. showShake It Up
92%
A family of wizards act as a normal New York family while keeping their powers secretWizards of Waverly Place
91%
A family adopts a talking dog, which the kids keep a secret from the parentsDog With a Blog
84%
A shy songwriter and an internet sensation team upAustin and Ally
83%
Two step-brothers build a crazy invention everydayPhineas and Ferb
80%
Kids attend a special school because of their advanced talentsA.N.T. Farm
79%
A hollywood star moves back to live with her identical twin sister and her familyLiv and Maddie
77%
A family of five children and slightly insane parentsGood Luck Charlie
73%
Five best friends get into troubleI Didn't Do It
47%

Score Distribution

Percentile by Number Answered

Percent of People with Each Score

Your Score History

You have not taken this quiz